000
00331nam a2200133 a 4500
005
20140414093836.0
008
090115s19uu xx uuu eng d
050
_a
CDR 516
_b
MUL 1995 c2
245
_a
Multimedia Geometry.
650
_a
Geometry
_x
Interactive videos.
650
_a
Mathematics.
942
_c
AVM
999
_c
109009
_d
109009